Pokédex of Pokémon Black and White - Statistics

General Stats
  • This quiz has been taken 340 times
    321 since last reset
  • The average score is 77 of 156
Answer Stats
Hint Pokémon % Correct
001 Snivy
99%
004 Tepig
96%
007 Oshawott
91%
006 Emboar
89%
008 Dewott
87%
005 Pignite
85%
002 Servine
84%
009 Samurott
83%
003 Serperior
82%
150 Zekrom
82%
000 Victini
78%
017 Pansage
76%
149 Reshiram
76%
010 Patrat
73%
012 Lillipup
72%
021 Panpour
72%
022 Simipour
72%
018 Simisage
72%
013 Herdier
71%
019 Pansear
71%
025 Pidove
71%
020 Simisear
71%
011 Watchog
71%
014 Stoutland
69%
026 Tranquill
66%
152 Kyurem
64%
027 Unfezant
64%
116 Axew
61%
016 Liepard
61%
029 Zebstrika
60%
015 Purrloin
58%
057 Sandile
58%
028 Blitzle
57%
144 Cobalion
57%
145 Terrakion
57%
048 Leavanny
56%
030 Roggenrola
56%
045 Sawk
55%
147 Tornadus
55%
146 Virizion
55%
031 Boldore
54%
139 Deino
54%
141 Hydreigon
54%
023 Munna
54%
044 Throh
54%
148 Thundurus
54%
093 Emolga
53%
153 Keldeo
53%
058 Krokorok
53%
151 Landorus
53%
038 Timburr
53%
040 Conkeldurr
52%
032 Gigalith
52%
039 Gurdurr
52%
024 Musharna
52%
042 Palpitoad
52%
041 Tympole
52%
120 Beartic
51%
155 Genesect
51%
118 Haxorus
51%
059 Krookodile
51%
154 Meloetta
51%
046 Sewaddle
51%
034 Swoobat
51%
033 Woobat
51%
140 Zweilous
51%
043 Seismitoad
50%
047 Swadloon
50%
049 Venipede
50%
068 Yamask
50%
035 Drilbur
49%
051 Scolipede
49%
050 Whirlipede
49%
061 Darmanitan
48%
060 Darumaka
48%
036 Excadrill
48%
087 Swanna
48%
069 Cofagrigus
47%
086 Ducklett
47%
117 Fraxure
47%
082 Gothitelle
47%
080 Gothita
46%
105 Klink
46%
113 Litwick
46%
037 Audino
45%
119 Cubchoo
45%
127 Druddigon
45%
115 Chandelure
44%
091 Deerling
44%
106 Klang
43%
107 Klinklang
43%
114 Lampent
43%
108 Tynamo
43%
101 Joltik
42%
074 Trubbish
42%
088 Vanillite
42%
143 Volcarona
42%
076 Zorua
42%
121 Cryogonal
41%
084 Duosion
41%
138 Durant
41%
081 Gothorita
41%
142 Larvesta
41%
092 Sawsbuck
41%
083 Solosis
41%
090 Vanilluxe
41%
077 Zoroark
41%
073 Archeops
40%
063 Dwebble
40%
067 Sigilyph
40%
089 Vanillish
40%
072 Archen
39%
071 Carracosta
39%
075 Garbodor
39%
128 Golett
39%
129 Golurk
39%
056 Basculin
38%
134 Braviary
38%
052 Cottonee
38%
110 Eelektross
38%
102 Galvantula
38%
099 Jellicent
38%
065 Scraggy
38%
053 Whimsicott
38%
131 Bisharp
37%
064 Crustle
37%
137 Heatmor
37%
062 Maractus
37%
085 Reuniclus
37%
133 Rufflet
37%
066 Scrafty
37%
070 Tirtouga
37%
109 Eelektrik
36%
098 Frillish
36%
055 Lilligant
36%
054 Petilil
36%
136 Mandibuzz
35%
130 Pawniard
35%
122 Shelmet
35%
135 Vullaby
34%
095 Escavalier
33%
125 Mienfoo
33%
126 Mienshao
32%
124 Stunfisk
32%
123 Accelgor
31%
079 Cinccino
31%
094 Karrablast
31%
078 Minccino
31%
096 Foongus
30%
100 Alomomola
29%
103 Ferroseed
29%
104 Ferrothorn
28%
097 Amoonguss
26%
132 Bouffalant
26%
111 Elgyem
26%
112 Beheeyem
22%
No matching quizzes found
Score Distribution
Percent of People with Each Score
Percentile by Number Answered
Your Score History
You have not taken this quiz since the last reset